000 00687nam a2200217Ii 4500
003 JO-AjNU
008 230605s9999||||xx |||||||||||||| ||und||
017 _a1990/4/252
040 _aJO-AjNU
_bara
_erda
_cJO-AjNU
041 _aara
050 1 4 _aBP134.M3.A3288 1990
100 3 _aتاليف عدس، محمد عبد الرحيم,
_eauthor
_939925
245 0 0 _aمع الله والإنسان
250 _aط1
264 3 1 _aعمان: دار مجدلاوي للنشر والتوزيع، 1990
300 _a141ص
336 _atext
_btxt
_2rdacontent
337 _aunmediated
_bn
_2rdamedia
338 _avolume
_bnc
_2rdacarrier
650 4 _aالاسلام - الانسان
_939926
999 _aA16902
_c20470
_d20470